Podaj dowolne miasto kujawsko-pomorskiego na każdą literę - Statystyki

Ogólne statystyki
  • Ten quiz został rozwiązany 22 razy
  • Średni wynik to 13 z 19
Statystyki odpowiedzi
Miasto % Poprawnych
T Toruń / Tuchola
100%
G Gąsawa / Grudziądz / Gniewkowo / Golub-Dobrzyń / Górzno
94%
A Aleksandrów Kujawski
88%
B Bydgoszcz / Barcin / Bobrowniki / Brześć Kujawski
88%
S Sępólno Krajeńskie / Skępe / Solec Kujawski / Strzelno / Szubin
88%
C Chełmno / Chełmża / Ciechocinek / Chodecz
82%
I Inowrocław / Izbica Kujawska
82%
W Wąbrzeźno / Więcbork / Włocławek
82%
K Kamień Krajeński / Kcynia / Kikół / Kowalewo / Kowal / Kowalewo Pomorskie / Kruszwica
76%
Ś Świecie
76%
N Nakło nad Notecią / Nieszawa / Nowe
65%
R Radziejów / Radzyń Chełmiński / Rypin
65%
Ż Żnin
65%
M Mogilno / Mrocza
59%
J Jabłonowo Pomorskie / Janikowo / Janowiec Wielkopolski
41%
L Lipno / Lubień Kujawski / Lubraniec
41%
P Pakość / Piotrków Kujawski / Pruszcz
24%
D Dobrzyń nad Wisłą
18%
Ł Łabiszyn / Łasin
18%
Nie znaleziono quizów pasujących do podanych kryteriów
Rozkład punktacji
Procent ludzi z każdym wynikiem
Percentyl według liczby udzielonych odpowiedzi
Twoja historia wyników
Nie rozwiązałeś tego quizu